[Event "Helmut-Kohls-Turnier 2012"]
[Site "Dortmund GER"]
[Date "2012.07.20"]
[Round "7"]
[White "Poetsch, Hagen"]
[Black "Bluebaum, Matthias"]
[Result "1/2-1/2"]
[WhiteTitle "IM"]
[BlackTitle "IM"]
[WhiteElo "2436"]
[BlackElo "2431"]
[WhiteFideId "24615137"]
[BlackFideId "24651516"]
[EventDate "2012.07.14"]

1. e4 e6 2. d4 d5 3. Nc3 Nf6 4. Bg5 dxe4 5. Nxe4 Be7 6. Bxf6 gxf6 7. Nf3 a6 8.
c4 f5 9. Nc3 Bf6 10. Qd2 c5 11. d5 O-O 12. O-O-O Bg7 13. Qe3 Qa5 14. Kb1 exd5
15. Nxd5 Nc6 16. Nf4 Qb6 17. Rd2 Nd4 18. Nd5 Qd8 19. Nxd4 cxd4 20. Qf3 Be6 21.
Bd3 b5 22. b3 bxc4 23. Bxc4 Rc8 24. Rhd1 Rc5 25. Rxd4 Bxd4 26. Rxd4 Bxd5 27.
Bxd5 Qf6 28. Qd3 Re8 29. Bc4 Rce5 30. Qd2 Re4 31. Rd6 Re1+ 32. Kc2 Qa1 33. Qg5+
Kf8 34. Qh6+ Kg8 35. Qg5+ Kf8 36. Qh6+ Kg8 1/2-1/2

[Event "Helmut-Kohls-Turnier 2012"]
[Site "Dortmund GER"]
[Date "2012.07.20"]
[Round "7"]
[White "Schmittdiel, Eckhard"]
[Black "Saltaev, Mihail"]
[Result "0-1"]
[WhiteTitle "GM"]
[BlackTitle "GM"]
[WhiteElo "2460"]
[BlackElo "2480"]
[WhiteFideId "4600096"]
[BlackFideId "14200058"]
[EventDate "2012.07.14"]

1. e4 c6 2. c4 d5 3. exd5 cxd5 4. d4 Nf6 5. Nc3 e6 6. Nf3 Bb4 7. c5 Ne4 8. Bd2
Nxd2 9. Qxd2 a5 10. a3 Bxc3 11. Qxc3 a4 12. Bd3 Qa5 13. O-O Bd7 14. Rfb1 Nc6 15.
Bc2 O-O 16. Qd3 g6 17. h4 Rfe8 18. Qe3 Qd8 19. Qf4 Qb8 20. Qh6 Re7 21. h5 Qf8
22. Qxf8+ Kxf8 23. b4 axb3 24. Rxb3 Na5 25. Rb4 Kg7 26. hxg6 hxg6 27. Ba4 Nc4
28. Bxd7 Rxd7 29. a4 f6 30. Rab1 Ra7 31. g3 Na5 32. Kg2 Nc6 33. Rb6 Re7 34. R1b2
g5 35. g4 Kg6 36. Ra2 Re8 37. Ra3 Rea8 38. Rb2 Ra5 39. Kg3 R8a7 40. Rba2 e5 41.
Rd2 e4 42. Ng1 Rxa4 43. Rxa4 Rxa4 44. Ne2 Rb4 45. Kg2 Rb3 46. Ng3 Ne7 47. Rc2
Rb5 48. Rd2 f5 49. gxf5+ Nxf5 50. Nxf5 Kxf5 51. Kf1 Kf4 52. Ke2 g4 0-1

[Event "Helmut-Kohls-Turnier 2012"]
[Site "Dortmund GER"]
[Date "2012.07.20"]
[Round "7"]
[White "Loetscher, Roland"]
[Black "Andersen, Mads"]
[Result "0-1"]
[WhiteTitle "FM"]
[BlackTitle "IM"]
[WhiteElo "2402"]
[BlackElo "2459"]
[WhiteFideId "1305239"]
[BlackFideId "1413864"]
[EventDate "2012.07.14"]

1. d4 d5 2. c4 c6 3. Nf3 Nf6 4. e3 e6 5. Bd3 Nbd7 6. b3 b6 7. O-O Bb7 8. Bb2 Bd6
9. Nbd2 O-O 10. Ne5 Qe7 11. f4 Rfd8 12. Qf3 c5 13. Qh3 h6 14. Rae1 Ne4 15. Nxe4
dxe4 16. Be2 Nf8 17. Qg3 f6 18. Ng4 Kh7 19. h4 h5 20. Nf2 g6 21. Bd1 Nd7 22. Bc2
f5 23. Nh3 Nf6 24. Rd1 cxd4 25. exd4 Ng4 26. Ng5+ Kh6 27. Rb1 Rd7 28. Bd1 Rad8
29. Bxg4 hxg4 30. Rfd1 Bc5 31. Qe3 Qf6 32. dxc5 Rxd1+ 33. Kh2 Rxb1 34. Bxf6 Rd3
35. Qf2 g3+ 36. Qxg3 Rxg3 37. Kxg3 e3 38. Bc3 Rc1 0-1

[Event "Helmut-Kohls-Turnier 2012"]
[Site "Dortmund GER"]
[Date "2012.07.21"]
[Round "8"]
[White "Becker, Marcel"]
[Black "Andersen, Mads"]
[Result "0-1"]
[WhiteTitle "FM"]
[BlackTitle "IM"]
[WhiteElo "2427"]
[BlackElo "2459"]
[WhiteFideId "4628446"]
[BlackFideId "1413864"]
[EventDate "2012.07.14"]

1. d4 d5 2. c4 c6 3. Nf3 Nf6 4. e3 e6 5. Qc2 Nbd7 6. Nbd2 Be7 7. b3 O-O 8. Bd3
h6 9. Bb2 c5 10. O-O b6 11. Ne5 Bb7 12. f4 cxd4 13. exd4 dxc4 14. bxc4 Nxe5 15.
fxe5 Ng4 16. Rfe1 Bb4 17. Re2 f5 18. Nf3 f4 19. Bh7+ Kh8 20. Be4 Bxe4 21. Qxe4
Rc8 22. a3 Be7 23. Qg6 Ne3 24. Qxe6 Nxc4 25. d5 Bc5+ 26. Bd4 Re8 27. Qf5 Bxd4+
28. Nxd4 Qxd5 29. Nf3 Rf8 30. Qe4 Qxe4 31. Rxe4 Ne3 32. e6 Rfe8 33. Ne5 Kh7 34.
Nd7 Kg8 35. Ne5 Rxe6 36. g3 g5 37. gxf4 gxf4 38. Ng4 Rg6 0-1

[Event "Helmut-Kohls-Turnier 2012"]
[Site "Dortmund GER"]
[Date "2012.07.21"]
[Round "8"]
[White "Saltaev, Mihail"]
[Black "Loetscher, Roland"]
[Result "1/2-1/2"]
[WhiteTitle "GM"]
[BlackTitle "FM"]
[WhiteElo "2480"]
[BlackElo "2402"]
[WhiteFideId "14200058"]
[BlackFideId "1305239"]
[EventDate "2012.07.14"]

1. e4 c5 2. Nf3 g6 3. d4 cxd4 4. Nxd4 Nc6 5. Nc3 Bg7 6. Nb3 Nf6 7. Be2 O-O 8.
O-O d6 9. Bg5 Be6 10. f4 Rc8 11. Kh1 a6 12. Bf3 Nd7 13. Qe1 Nb6 14. f5 Bc4 15.
Rf2 Ne5 16. Rd1 Bxb3 17. axb3 Re8 18. Qe3 Rc6 19. Be2 Nbd7 20. Bf4 e6 21. Bg5
Bf6 22. Bxf6 Nxf6 23. fxe6 fxe6 24. Qf4 Kg7 25. Rdf1 Rf8 26. Bd1 Rc7 27. h3 Rcf7
28. Qe3 Nfd7 29. Rxf7+ Rxf7 30. Rxf7+ Kxf7 31. b4 Qb6 32. Qxb6 Nxb6 33. Kg1 Kf6
34. Kf2 Ned7 35. b3 Ke5 36. Ke3 Nf6 37. Bf3 d5 38. exd5 Nbxd5+ 39. Nxd5 Nxd5+
40. Bxd5 Kxd5 41. g4 Ke5 42. c3 Kd5 43. Kd3 Ke5 44. Ke3 Kd5 45. Kd3 Ke5 1/2-1/2

[Event "Helmut-Kohls-Turnier 2012"]
[Site "Dortmund GER"]
[Date "2012.07.21"]
[Round "8"]
[White "Bluebaum, Matthias"]
[Black "Schmittdiel, Eckhard"]
[Result "1/2-1/2"]
[WhiteTitle "IM"]
[BlackTitle "GM"]
[WhiteElo "2431"]
[BlackElo "2460"]
[WhiteFideId "24651516"]
[BlackFideId "4600096"]
[EventDate "2012.07.14"]

1. d4 e6 2. c4 f5 3. g3 Nf6 4. Bg2 Bb4+ 5. Nd2 O-O 6. Nf3 b6 7. Ne5 c6 8. O-O a5
9. a3 Be7 10. Qc2 d5 11. Ndf3 Ne4 12. Be3 b5 13. cxb5 cxb5 14. Rfc1 Ra6 15. Bd2
Bd6 16. Bf1 b4 17. axb4 axb4 18. Be1 Rxa1 19. Rxa1 Ba6 20. Qa4 Qb6 21. Nd7 Nxd7
22. Qxa6 Rb8 23. e3 Qxa6 24. Rxa6 Kf7 25. Nd2 Ke7 26. Nb3 Rb6 27. Ra7 Bb8 28.
Ra8 Ng5 29. Kg2 Nf7 30. Na5 Nd8 31. Ra6 Bd6 32. f3 Rxa6 33. Bxa6 g5 34. Kf2 h5
35. Ke2 g4 36. f4 Nf6 37. Bb5 Kf7 38. Kd1 Ne4 39. Kc2 h4 40. gxh4 Be7 41. Kb3
Nd6 42. Ka4 Kg6 43. Bxb4 Kh5 44. Bf1 Nc8 45. Be1 Bxh4 46. Bg3 Bxg3 47. hxg3 Kg6
48. b4 Kf7 49. Nb3 Ke7 50. Bd3 Kd6 51. b5 Nb6+ 52. Kb4 Nd7 53. Ka5 Nf6 54. Nd2
Nd7 55. b6 Nc6+ 56. Kb5 Ncb8 57. Nf1 Nf6 58. Bc2 Nh5 59. Bb1 Nf6 60. Bd3 Nh5 61.
Ka5 Nf6 62. Bb5 Ne4 63. Be8 Ke7 64. Bb5 Kd6 65. Be8 Ke7 66. Ba4 Kd8 1/2-1/2

[Event "Helmut-Kohls-Turnier 2012"]
[Site "Dortmund GER"]
[Date "2012.07.21"]
[Round "8"]
[White "Zaragatski, Ilja"]
[Black "Poetsch, Hagen"]
[Result "1/2-1/2"]
[WhiteTitle "IM"]
[BlackTitle "IM"]
[WhiteElo "2462"]
[BlackElo "2436"]
[WhiteFideId "4655192"]
[BlackFideId "24615137"]
[EventDate "2012.07.14"]

1. c4 e5 2. g3 Nf6 3. Bg2 d5 4. cxd5 Nxd5 5. Nc3 Nb6 6. Nf3 Nc6 7. O-O Be7 8. a3
O-O 9. b4 Be6 10. Rb1 f6 11. d3 Nd4 12. Nd2 Nd5 13. Bb2 c6 14. Nxd5 Bxd5 15.
Bxd5+ Qxd5 16. Bxd4 Qxd4 17. Qb3+ Kh8 18. a4 Qg4 19. Rfe1 b5 20. Nf1 a5 21. bxa5
Rxa5 22. axb5 Rxb5 23. Ne3 Qd7 24. Qc4 Rfb8 25. Ra1 Bc5 26. Qg4 Qxg4 27. Nxg4 h5
28. Ne3 Bxe3 29. fxe3 Rb2 30. Rac1 R8b6 31. Kf2 Kg8 32. Rc5 Rd2 33. e4 Rbb2 34.
Kf3 Rdc2 35. Rxc2 Rxc2 36. Ra1 c5 37. Ra8+ Kh7 38. Rc8 g5 39. h3 1/2-1/2

[Event "Helmut-Kohls-Turnier 2012"]
[Site "Dortmund GER"]
[Date "2012.07.22"]
[Round "9"]
[White "Poetsch, Hagen"]
[Black "Orlov, Andrey"]
[Result "1/2-1/2"]
[WhiteTitle "IM"]
[BlackTitle "GM"]
[WhiteElo "2436"]
[BlackElo "2527"]
[WhiteFideId "24615137"]
[BlackFideId "4125282"]
[EventDate "2012.07.14"]

1. e4 e5 2. Nf3 Nc6 3. Bb5 Nf6 4. d3 d6 5. c4 Be7 6. Nc3 O-O 7. h3 Bd7 8. Nd5
Nb8 9. Bxd7 Nbxd7 10. Nxe7+ Qxe7 11. O-O Ne8 12. d4 exd4 13. Qxd4 Ne5 14. Nxe5
dxe5 15. Qc3 c5 16. Rd1 Nc7 17. Be3 f6 18. Qa3 Ne6 19. Rd5 b6 20. Rad1 Rfd8 21.
Rxd8+ Rxd8 22. Rxd8+ Nxd8 1/2-1/2

[Event "Helmut-Kohls-Turnier 2012"]
[Site "Dortmund GER"]
[Date "2012.07.22"]
[Round "9"]
[White "Schmittdiel, Eckhard"]
[Black "Zaragatski, Ilja"]
[Result "0-1"]
[WhiteTitle "GM"]
[BlackTitle "IM"]
[WhiteElo "2460"]
[BlackElo "2462"]
[WhiteFideId "4600096"]
[BlackFideId "4655192"]
[EventDate "2012.07.14"]

1. e4 e5 2. Nf3 d6 3. d4 exd4 4. Nxd4 Nf6 5. Nc3 Be7 6. Be2 O-O 7. O-O Re8 8. f4
Bf8 9. Bf3 c5 10. Nb3 Nc6 11. Kh1 a5 12. a4 Nb4 13. Re1 d5 14. e5 Bf5 15. Re2 d4
16. Na2 Nfd5 17. Nxb4 Nxb4 18. Rd2 Qb6 19. g4 Be6 20. Be4 Rad8 21. Ra3 Nd5 22.
Qf3 Ne3 23. f5 Bd5 24. Bxd5 Nxd5 25. Qe4 c4 0-1

[Event "Helmut-Kohls-Turnier 2012"]
[Site "Dortmund GER"]
[Date "2012.07.22"]
[Round "9"]
[White "Loetscher, Roland"]
[Black "Bluebaum, Matthias"]
[Result "1-0"]
[WhiteTitle "FM"]
[BlackTitle "IM"]
[WhiteElo "2402"]
[BlackElo "2431"]
[WhiteFideId "1305239"]
[BlackFideId "24651516"]
[EventDate "2012.07.14"]

1. d4 d5 2. c4 c6 3. Nf3 Nf6 4. e3 Bf5 5. Nc3 e6 6. Nh4 Be4 7. f3 Bg6 8. Qb3 Qc7
9. Bd2 Be7 10. g3 Bh5 11. O-O-O Nfd7 12. Rg1 Bxh4 13. gxh4 Bxf3 14. Re1 Rg8 15.
e4 dxe4 16. Nxe4 Bxe4 17. Rxe4 Nf6 18. Rf4 Nbd7 19. Qa3 a6 20. Rg5 h6 21. Rg2 c5
22. dxc5 O-O-O 23. Be3 Ne5 24. Qc3 Ng6 25. Rd4 Rxd4 26. Qxd4 Rd8 27. Qc3 Qc6 28.
Rg1 Nxh4 29. b4 Qf3 30. Bd4 Ne4 31. Qe3 Rxd4 32. Qxd4 Qf4+ 33. Kb2 Nf3 34. Qxg7
Qd2+ 35. Ka3 Qc1+ 36. Ka4 Nc3+ 37. Ka5 Kb8 38. a4 Qa3 39. b5 Qxa4+ 40. Kb6 1-0